[Event "TUR Cup"]
[Site "Antalya"]
[Date "2019.01.31"]
[Round "7"]
[White "Aydin, Hakan Arda"]
[Black "Eroglu, Berke"]
[Result "1-0"]
[WhiteElo "1915"]
[BlackElo "1442"]
[PlyCount "37"]
[EventDate "2019.01.27"]
[EventType "swiss"]
[EventRounds "11"]
[EventCountry "TUR"]
[SourceTitle "CBM 188 Extra"]
[Source "ChessBase"]
[SourceDate "2019.02.26"]
[SourceVersion "1"]
[SourceVersionDate "2019.02.26"]
[SourceQuality "1"]

1. b3 b6 2. Bb2 Bb7 3. e3 e6 4. Nf3 f5 5. Be2 Nf6 6. 0-0 Be7 7. c4 0-0 8. Nc3 c5 9. Rc1 h6 10. d4 d6 11. Qc2 Ne4 12. Nd2 Nxd2 13. Qxd2 Nd7 14. dxc5 dxc5 15. Rfd1 Nf6 16. Nb5 a6 17. Qxd8 Rfxd8 18. Nc7 Kf7 19. Nxa8 1-0

[Event "TUR Cup"]
[Site "Antalya"]
[Date "2019.01.28"]
[Round "2"]
[White "Eroglu, Berke"]
[Black "Mentese, Emrah"]
[Result "1-0"]
[WhiteElo "1442"]
[BlackElo "1154"]
[PlyCount "85"]
[EventDate "2019.01.27"]
[EventType "swiss"]
[EventRounds "11"]
[EventCountry "TUR"]
[SourceTitle "CBM 188 Extra"]
[Source "ChessBase"]
[SourceDate "2019.02.26"]
[SourceVersion "1"]
[SourceVersionDate "2019.02.26"]
[SourceQuality "1"]

1. e4 e5 2. Nf3 Nc6 3. d4 exd4 4. Nxd4 Nf6 5. Nc3 Bb4 6. Nxc6 bxc6 7. Bd3 d5 8. exd5 cxd5 9. 0-0 0-0 10. Bg5 c6 11. Qf3 Be7 12. h3 h6 13. Bf4 Nh7 14. Rfe1 Ng5 15. Bxg5 Bxg5 16. Re2 Rb8 17. Nd1 Be6 18. c3 Re8 19. Ne3 Bxe3 20. fxe3 Qe7 21. Rae1 Red8 22. Rd2 Qc7 23. Red1 Kf8 24. g4 Rd6 25. Rf1 Qe7 26. Rdf2 Bd7 27. Qxf7+ Qxf7 28. Rxf7+ Kg8 29. R1f2 a5 30. b3 Rd8 31. Kh2 c5 32. R7f4 Bc6 33. c4 d4 34. exd4 Rxd4 35. Rxd4 Rxd4 36. Bc2 Bd7 37. Kg3 Rd6 38. Bf5 Bxf5 39. Rxf5 Rd3+ 40. Kf4 Rxh3 41. Rxc5 g5+ 42. Kf5 Rf3+ 43. Kg6 1-0